书目信息 |
| 题名: |
当代考古学
|
|
| 作者: | 陈淳 著 | |
| 分册: | ||
| 出版信息: | 上海 上海社会科学院出版社 2004 |
|
| 页数: | 238页 | |
| 开本: | 23cm | |
| 丛书名: | 复旦文博系列教材 | |
| 单 册: | ||
| 中图分类: | K85 | |
| 科图分类: | ||
| 主题词: | 考古学--高等学校--教材 | |
| 电子资源: | ||
| ISBN: | 7-80681-509-0 | |
| 000 | 00922oam2 2200277 45 | |
| 001 | 060000035722 | |
| 005 | 20051227094512.70 | |
| 010 | @a7-80681-509-0@dCNY24.00 | |
| 092 | @aCN | |
| 100 | @a20050712d2004 ekmy0chiy0120 ea | |
| 101 | 0 | @achi |
| 102 | @aCN@b310000 | |
| 105 | @aa az 000yy | |
| 200 | 1 | @a当代考古学@9dang dai kao gu xue@f陈淳著@Fchen chun zhu |
| 210 | @a上海@c上海社会科学院出版社@d2004 | |
| 215 | @a238页@c图@d23cm | |
| 225 | 2 | @a复旦文博系列教材 |
| 320 | @a有书目:第232-238页 | |
| 330 | @a本书共分13章,主要内容包括:什么是考古学、考古学的诞生、考古学的进展、人类文化与考古记录、时间与断代、考古材料的保存和发现、考古发掘、考古材料的整理、技术和工具、生存方式与经济形态等。 | |
| 461 | 0 | @12001 @a复旦文博系列教材 |
| 606 | 0 | @a考古学@x高等学校@j教材 |
| 690 | @aK85@v4 | |
| 701 | 0 | @a陈淳@Achen chun@4著 |
| 801 | 0 | @aCN@bCXYBOOK@c20051227 |
| 905 | @a10447@dK85@e19 | |
| 999 | @aWJ@eDF | |
| 当代考古学/陈淳著.-上海:上海社会科学院出版社,2004 |
| 238页:图;23cm.-(复旦文博系列教材) |
| ISBN 7-80681-509-0:CNY24.00 |
| 本书共分13章,主要内容包括:什么是考古学、考古学的诞生、考古学的进展、人类文化与考古记录、时间与断代、考古材料的保存和发现、考古发掘、考古材料的整理、技术和工具、生存方式与经济形态等。 |
| ● |
| 相关链接 |
|
|
|
|
正题名:当代考古学
索取号:K85/19
 
预约/预借
| 序号 | 登录号 | 条形码 | 馆藏地/架位号 | 状态 | 备注 |
| 1 | 0372788 | 203727887 | 第二样本阅览室/ [索取号:K85/19] | 在馆 | |
| 2 | 0372789 | 203727896 | 第二借阅区/ [索取号:K85/19] | 在馆 | |
| 3 | 0372790 | 203727903 | 第二借阅区/ [索取号:K85/19] | 在馆 | |
| 4 | 0372791 | 203727912 | 第二借阅区/ [索取号:K85/19] | 在馆 | |
| 5 | 0372792 | 203727921 | 第二借阅区/ [索取号:K85/19] | 在馆 |